书目信息 |
| 题名: |
高等数学
|
|
| 作者: | 金井平 主编 | |
| 分册: | ||
| 出版信息: | 长春 东北师范大学出版社 1997 |
|
| 页数: | 488页 | |
| 开本: | 20cm | |
| 丛书名: | ||
| 单 册: | ||
| 中图分类: | O13 | |
| 科图分类: | ||
| 主题词: | 高等数学--师范大学--教材 | |
| 电子资源: | ||
| ISBN: | 7-5602-0399-X | |
| 000 | 00693nam 2200241 45 | |
| 001 | 0191015476 | |
| 005 | 20060928174659.42 | |
| 010 | @a7-5602-0399-X@dCNY16.00 | |
| 100 | @a19910618d1997 em y0chiy0121 ea | |
| 101 | 0 | @achi |
| 102 | @aCN@b220000 | |
| 105 | @ay z 000yy | |
| 200 | 10 | @a高等数学@AGAO DENG SHU XUE@f金井平主编@FJIN JING PING ZHU BIAN |
| 205 | @a修订版 | |
| 210 | @a长春@c东北师范大学出版社@d1997 | |
| 215 | @a488页@d20cm | |
| 300 | @a全国高等师范专科学校教材 化学专业用 | |
| 540 | 1 | @a高等 数学@AGAO DENG SHU XUE |
| 606 | @a高等数学@x师范大学@x教材 | |
| 690 | @aO13@v3 | |
| 701 | 0 | @a金井平@AJIN JING PING@4主编 |
| 801 | 0 | @aCN@bNLC@c20060928 |
| 905 | @dO13@e100=2 | |
| 高等数学/金井平主编.-修订版.-长春:东北师范大学出版社,1997 |
| 488页;20cm |
| 全国高等师范专科学校教材 化学专业用 |
| ISBN 7-5602-0399-X:CNY16.00 |
| ● |
| 相关链接 |
|
|
|
|
正题名:高等数学
索取号:O13/100=2
 
预约/预借
| 序号 | 登录号 | 条形码 | 馆藏地/架位号 | 状态 | 备注 |
| 1 | 0499901 | 204999010 | 密集书库/ [索取号:O13/100=2] | 在馆 |